000 01592nam a2200277Ia 4500
999 _c5072
_d5072
003 OSt
005 20200514113223.0
008 191128s2010 ck gr 000 0dspa d
020 _a9789586521932
040 _aCO-JMCR
_cCO-JMCR
041 0 _aspa
082 0 4 _a307.76 /
_bF741b
_223
100 1 _aFortich Pacheco, Fernán José,
_eautor
_94323
245 1 0 _aBases conceptuales y metodológicas para estudios de economía espacial en Colombia :
_bun acercamiento al análisis de las disparidades económicas regionales /
_cFernán José Fortich Pacheco, José Agustín Arias Vargas
260 _aBogotá :
_bEscuela Superior de Administración Pública. Facultad de investigaciones,
_c2010
300 _a160 páginas ;
_c24 cm.
504 _aBibliografía páginas 151-160.
505 _aLas aristas de la economía espacial -- Los desecrilibios económicos territoriales y el desarrollo regional en Colombia -- La política regional en Colombia a partir de la constitución política de 1991
520 _aEste documento investigativo que estamos presentando al público ha sido posible gracias al auspicio de la Escuela Superior de Administración Pública ESAP y en particular a la apropiación de recursos de la Facultad de investigaciones para este objeto.
650 1 4 _aPlanificación local
_xPlanificación regional
_94329
650 2 4 _aEntidades territoriales
_x Política económica
_94330
650 2 4 _aDescentralización
_x Economía regional
_94331
650 2 4 _aGeografía económica
_94327
700 1 _aArias Vargas, José Agustín,
_eautor
_94328
942 _2ddc
_cBK